Vật lí 12

Nội dung được trình bày gồm các trang in thành 2 cột: nội dung chính bài học, trình bày các hình vẽ, tranh, ảnh, biễu bảng...Sau phần nội dung là phần tóm tắt bài học được in đậm và sau mỗi bài học là câu hỏi để học sinh làm ở nhà, câu trả...

Полное описание

Сохранить в:
Библиографические подробности
Главный автор: Lương, Duyên Bình
Формат:
Язык:Undetermined
Опубликовано: Hà Nội Giáo dục Việt Nam 2010
Предметы:
Метки: Добавить метку
Нет меток, Требуется 1-ая метка записи!
Thư viện lưu trữ: Trung tâm Học liệu Trường Đại học Cần Thơ
LEADER 01019nam a2200217Ia 4500
001 CTU_157794
008 210402s9999 xx 000 0 und d
020 |c 11500 
082 |a 530.712 
082 |b B312/L.12 
100 |a Lương, Duyên Bình 
245 0 |a Vật lí 12 
245 0 |c Lương Duyên Bình (Tổng chủ biên) 
260 |a Hà Nội 
260 |b Giáo dục Việt Nam 
260 |c 2010 
520 |a Nội dung được trình bày gồm các trang in thành 2 cột: nội dung chính bài học, trình bày các hình vẽ, tranh, ảnh, biễu bảng...Sau phần nội dung là phần tóm tắt bài học được in đậm và sau mỗi bài học là câu hỏi để học sinh làm ở nhà, câu trả lời ở cuối cuốn sách. 
650 |a Physics 
650 |x Study and teaching (Secondary) 
904 |i Mỹ Lệ (Bé Ba) 
980 |a Trung tâm Học liệu Trường Đại học Cần Thơ